Statistics for What Disney Movie Is This Song From?

Click here to take the quiz!

General Stats

  • This quiz has been taken 853 times
  • The average score is 10 of 15

Answer Stats

HintAnswer% Correct
Under The SeaThe Little Mermaid
96%
A Whole New WorldAladdin
93%
Circle Of LifeThe Lion King
91%
Just Around the RiverbendPocahontas
78%
ReflectionMulan
75%
A Dream Is A Wish Your Heart MakesCinderella
71%
Go The DistanceHercules
65%
You Can Fly!Peter Pan
65%
Once Upon A DreamSleeping Beauty
64%
Strangers Like MeTarzan
61%
Something ThereBeauty and the Beast
59%
Belle NotteLady And The Tramp
56%
Little April ShowersBambi
53%
Heaven's Light/HellfireThe Hunchback Of Notre Dame
35%
With A Smile And A SongSnow White & The Seven Dwarfs
2%

Score Distribution

Percentile by Number Answered

Percent of People with Each Score

Your Score History

You have not taken this quiz